000 01406 a2200265 4500
003 Nust
005 20221226130616.0
010 _a 95042361
020 _a0521637600
040 _cNust
082 0 0 _a355,MIL
245 0 0 _aMilitary innovation in the interwar period /
_cedited by Williamson Murray, Allan R. Millett.
260 _aCambridge ;
_aNew York :
_bCambridge University Press,
_c1996.
300 _aix, 428 p. ;
_c24 cm.
505 _aArmored Warfare The British, French and German (Page-6), Assault From the Sea (Page-50), Strategic Bombing (Page-96), Close Air Support (Page-144), Adopting The Aircraft Carrier (Page-191), Innovation Ignored (Page-227), From Radio To Radar (Page-265), Innovation Past and Future (Page-300), Pattern Military Innovation in the Interwar Period (Page-329), Military Innovation In Peacetime (Page-369).
650 0 _aMilitary art and science
_xTechnological innovations
_xHistory
_y20th century.
_9105932
650 0 _aMilitary history, Modern
_y20th century.
_9105933
650 0 _aWorld politics
_y1919-1932.
_9105934
650 0 _aWorld politics
_y1933-1945.
_9105935
700 1 _aMillett, Allan Reed.
_9105936
700 1 _aMurray, Williamson.
856 4 2 _3Publisher description
_uhttp://www.loc.gov/catdir/description/cam027/95042361.html
856 4 2 _3Table of contents
_uhttp://www.loc.gov/catdir/toc/cam026/95042361.html
942 _2ddc
_cBK
_k355,MIL
999 _c184733
_d184733